Sports Quiz

Random Sports or Famous Quiz

Athletes in Commercials II Quiz Stats

 Plays Quiz Updated Oct 8, 2016

Score 0/20 Timer 07:00
5 Plays Today
% Correct
Michael Phelps
96.2%
Dwayne ''The Rock'' Johnson
94.3%
LeBron James
94%
Muhammad Ali
93.5%
Mike Tyson
93.3%
Shaquille O'Neal
90.3%
Babe Ruth
90.2%
John Cena
85.9%
David Beckham
85.6%
Roger Federer
83.4%
% Correct
Tom Brady
82.1%
Danica Patrick
81.9%
Cam Newton
81.7%
Shaun White
76.8%
Blake Griffin
76.7%
Michael Strahan
73.6%
Kareem Abdul-Jabbar
66.5%
Bubba Watson
57.8%
Mia Hamm
54.3%
Bo Jackson
53.8%

You're not logged in!

Compare scores with friends on all Sporcle quizzes.
OR
Log In

Sporcle TV

Today on Sporcle TV


Watch our educational content, quiz creation guides, and fun videos on Sporcle TV.

Show Comments

Extras

Top Quizzes Today


Score Distribution

Your Account Isn't Verified!

In order to create a playlist on Sporcle, you need to verify the email address you used during registration. Go to your Sporcle Settings to finish the process.

Report this User

Report this user for behavior that violates our Community Guidelines.

Details: